Statistics for Flags by their Colors

Click here to take the quiz!

General Stats

  • This quiz has been taken 28 times
  • The average score is 11 of 20

Answer Stats

Answer% Correct
Bahamas
83%
Bhutan
83%
Brazil
83%
Zambia
83%
Botswana
79%
Albania
75%
Cyprus
75%
Jamaica
71%
Saint Lucia
71%
Djibouti
58%
Democratic Republic of the Congo
54%
Sierra Leone
54%
Gabon
50%
Brunei
46%
Seychelles
46%
Turkmenistan
21%
Myanmar
17%
Azerbaijan
13%
South Sudan
8%
Zimbabwe
8%

Score Distribution

Percentile by Number Answered

Percent of People with Each Score

Your Score History

You have not taken this quiz